Тепловые трубы в системах теплоснабжения; Энергосбережение; № 6

Détails bibliographiques
Parent link:Энергосбережение: специализированный журнал/ Ассоциация инженеров по отоплению, вентиляции, кондиционированию воздуха, теплоснабжению и строительной теплофизике (АВОК), ООО ИИП "АВОК-ПРЕСС".— , 2000-.— 1609-7505
№ 6.— 2004.— С. 58-61
Auteur principal: Фролов В. П.
Autres auteurs: Шелгинский А. Я.
Langue:russe
Publié: 2004
Collection:Тепловодоснабжение
Sujets:
Format: MixedMaterials Chapitre de livre
KOHA link:https://koha.lib.tpu.ru/cgi-bin/koha/opac-detail.pl?biblionumber=395447

MARC

LEADER 00000naa2a2200000 4500
001 395447
005 20231101064626.0
035 |a (RuTPU)RU\TPU\prd\32748 
090 |a 395447 
100 |a 20050215a2004 k y0rusy50 ca 
101 0 |a rus 
102 |a RU 
200 1 |a Тепловые трубы в системах теплоснабжения  |f В. П. Фролов, А. Я. Шелгинский 
225 1 |a Тепловодоснабжение 
320 |a Библиогр.: 14 назв. 
461 1 |0 (RuTPU)RU\TPU\prd\913  |x 1609-7505  |t Энергосбережение  |o специализированный журнал  |f Ассоциация инженеров по отоплению, вентиляции, кондиционированию воздуха, теплоснабжению и строительной теплофизике (АВОК), ООО ИИП "АВОК-ПРЕСС"  |d 2000- 
463 1 |0 (RuTPU)RU\TPU\prd\31621  |t № 6  |v С. 58-61  |d 2004 
610 1 |a трубы 
610 1 |a теплоснабжение 
610 1 |a системы теплоснабжения 
610 1 |a тепловые трубы 
610 1 |a гидродинамический принцип 
610 1 |a коэффициент теплоотдачи 
700 1 |a Фролов  |b В. П. 
701 1 |a Шелгинский  |b А. Я. 
801 1 |a RU  |b 63413507  |c 20050215  |g PSBO 
801 2 |a RU  |b 63413507  |c 20120418  |g RCR 
942 |c BK